| 000 | 00573nam a22001817a 4500 | ||
|---|---|---|---|
| 003 | OSt | ||
| 005 | 20260424063115.0 | ||
| 008 | 260424b |||||||| |||| 00| 0 eng d | ||
| 020 | _a0-04-361018-8 | ||
| 040 |
_aOC _cDWC-Main Lib |
||
| 082 | _aCirc. 309.2 T538s 1974 | ||
| 100 | _aTitmuss, R. | ||
| 245 |
_aSocial policy : _ban introduction |
||
| 260 |
_aLondon: _bGeorge & unwil ltd ; _cc1974. |
||
| 300 |
_a160 pages ; _c21 cm. |
||
| 504 | _ainclude bibliography and index | ||
| 942 |
_2ddc _cBK-CIRC _hCirc. 309.2 T538s 1974 _kCirc. _n0 |
||
| 999 |
_c9856 _d9856 |
||